000 00707nam a2200205 u 4500
001 000530552
003 AM-YeHGA
005 20250617135253.0
008 070409s1974 ||||||||||||||||||||rus d
040 _aAM-YeHGA
041 0 _arus
100 1 _aДильман, Владимир Михайлович
245 1 0 _aЭндокринологическая онкология /
_cВ.М. Дильман .
260 _aЛенинград :
_bМедицина. Ленингр. отд-ние,
_c1974.
300 _a399 с.
650 1 4 _aЭндокринология
650 1 4 _aОнкология
650 1 4 _aГормонально- метаболические нарушения
090 _c198415
999 _c196936
_d196936